Παλίμψηστα και μη : Κριτικά δοκίμια
Αποθηκεύτηκε σε:
| Κύριος συγγραφέας: | |
|---|---|
| Μορφή: | Βιβλίο |
| Γλώσσα: | Greek |
| Δημοσίευση: |
Αθήνα :
Στιγμή,
1992
|
| Θέματα: | |
| Ετικέτες: |
Προσθήκη ετικέτας
Δεν υπάρχουν, Καταχωρήστε ετικέτα πρώτοι!
|
MARC
| LEADER | 00000nam a2200000 i 4500 | ||
|---|---|---|---|
| 001 | 1/54246 | ||
| 008 | 070907s1992 gre d | ||
| 020 | |a 960-269-106-9 | ||
| 035 | |l 10090520 | ||
| 040 | |a GR-MY-UA |b gre |e aacr | ||
| 041 | 0 | |a gre | |
| 082 | 0 | |a 889.09 |2 (22) | |
| 100 | 1 | |a Μουλλάς, Παναγιώτης |d 1935- | |
| 245 | 1 | 0 | |a Παλίμψηστα και μη : |b Κριτικά δοκίμια / |c Παν. Μουλλάς |
| 260 | |a Αθήνα : |b Στιγμή, |c 1992 | ||
| 300 | |a 278 σ.; |c 20 εκ. | ||
| 504 | |a Περιλαμβάνει βιβλιογραφίες και ευρετήριο | ||
| 650 | 0 | 0 | |a Greek literature. |
| 650 | 0 | 0 | |a Greek literature, Modern |y 20th century |x History and criticism. |
| 852 | |a INST |b RHODES |e 20070907 |h 889.09 ΜΟΥ |p 005400025853 |q 005400025853 |t BK |y 0 | ||
| 901 | |a BIBL4-2007-3 | ||
| 909 | |a Ρ |b 138554 | ||
| 922 | |a 4ΕΛΗ |b 200708 |c EΠΕΑΚ2/ΠΤΔΕ |d Σ. ΠΑΤΑΚΗΣ | ||
| 970 | |a ΧΑΡΙΟΠΟΛΙΤΟΥ |b ΚΩΝΣΤΑΝΤΙΝΑ |z 2007/09/07 | ||